000
00222nam a22000857a 4500
008
170119b xxu||||| |||| 00| 0 eng d
100
_9
2489
_a
Soanes.C.etal.
245
_a
Oxford A-Z of Spelling
260
_a
New delhi
_b
Oxford
_c
2011
999
_c
5555
_d
5555